[Event "Torino op 4th"]
[Site "Torino"]
[Date "2002.09.??"]
[Round "5"]
[White "Nazario, Enrico"]
[Black "Sorcinelli, Francesco"]
[Result "1/2-1/2"]
[WhiteElo "1765"]
[BlackElo "1965"]
[PlyCount "65"]
[EventDate "2002.09.??"]
[EventType "swiss"]
[EventRounds "7"]
[EventCountry "ITA"]
[SourceTitle "EXT 2024"]
[Source "ChessBase"]
[SourceDate "2023.10.10"]
[SourceVersion "1"]
[SourceVersionDate "2023.10.10"]
[SourceQuality "1"]

1. d4 Nf6 2. c4 c5 3. d5 e6 4. Nc3 exd5 5. cxd5 d6 6. e4 g6 7. f3 Bg7 8. Be3 0-0 9. Qd2 Re8 10. Bd3 Na6 11. Nge2 Nc7 12. g4 Rb8 13. Ng3 Qe7 14. Kf2 b5 15. h4 c4 16. Bc2 b4 17. Nce2 c3 18. bxc3 bxc3 19. Nxc3 Rb2 20. Rab1 Rxc2 21. Qxc2 Bxg4 22. Qd2 Rc8 23. fxg4 Nxg4+ 24. Kg2 Nb5 25. Rxb5 Bxc3 26. Qxc3 Rxc3 27. Rb8+ Kg7 28. Bd4+ f6 29. Bxc3 Qc7 30. Rb3 Qc5 31. Rb7+ Kg8 32. Rb8+ Kg7 33. Rb7+ 1/2-1/2